Normal view
MARC view
- Naqqash, Tahir
Entry Personal Name
001 - CONTROL NUMBER
- control field: 91025
003 - CONTROL NUMBER IDENTIFIER
- control field: NUST
005 - DATE AND TIME OF LATEST TRANSACTION
- control field: 20220419120021.0
008 - FIXED-LENGTH DATA ELEMENTS
- fixed length control field: 220419|| aca||aabn | a|a d
040 ## - CATALOGING SOURCE
- Original cataloging agency: NUST
- Transcribing agency: NUST
100 ## - HEADING--PERSONAL NAME
- Personal name: Naqqash, Tahir
670 ## - SOURCE DATA FOUND
- Source citation: Work cat.: (NUST)0: The Pakistan election compendium :, 2012
